Normal view
MARC view
- Vesilind, Aarne/Susan, Morgan/Heine,Lauren,
Entry Personal Name
001 - CONTROL NUMBER
- control field: 4115
003 - CONTROL NUMBER IDENTIFIER
- control field: JO-AjAnu
005 - DATE AND TIME OF LATEST TRANSACTION
- control field: 20230606070956.0
008 - FIXED-LENGTH DATA ELEMENTS
- fixed length control field: 230606|| aca||aabn | a|a d
040 ## - CATALOGING SOURCE
- Original cataloging agency: JO-AjAnu
- Transcribing agency: JO-AjAnu
100 ## - HEADING--PERSONAL NAME
- Personal name: Vesilind, Aarne/Susan, Morgan/Heine,Lauren,
670 ## - SOURCE DATA FOUND
- Source citation: Work cat.: (JO-AjAnu)2140: Vesilind, Aarne/Susan, Morgan/Heine,Lauren, , author, Introduction to Environmental Engineering